<?xml version="1.0" encoding="UTF-8"?>
<record
    xmlns:xsi="http://www.w3.org/2001/XMLSchema-instance"
    xsi:schemaLocation="http://www.loc.gov/MARC21/slim http://www.loc.gov/standards/marcxml/schema/MARC21slim.xsd"
    xmlns="http://www.loc.gov/MARC21/slim">

  <leader>00739nam a22002052  4500</leader>
  <controlfield tag="001">0000008748</controlfield>
  <controlfield tag="005">20151217155835.0</controlfield>
  <controlfield tag="008">080526s         xx           000 0 eng d</controlfield>
  <datafield tag="020" ind1=" " ind2=" ">
    <subfield code="c">KES</subfield>
  </datafield>
  <datafield tag="040" ind1=" " ind2=" ">
    <subfield code="a">KABU</subfield>
    <subfield code="c">KABU</subfield>
  </datafield>
  <datafield tag="100" ind1="1" ind2=" ">
    <subfield code="a">Davis,  W. Twiston.</subfield>
    <subfield code="@">0000159448</subfield>
  </datafield>
  <datafield tag="245" ind1="1" ind2="0">
    <subfield code="a">Fifty years of progress :</subfield>
    <subfield code="b">an account of the African organization of the Imperial Tobacco Company 1907-1957 /</subfield>
    <subfield code="c">W. Twiston Davis.</subfield>
  </datafield>
  <datafield tag="260" ind1=" " ind2=" ">
    <subfield code="a">Bristol, England :</subfield>
    <subfield code="b">Imperial Tobacco,</subfield>
    <subfield code="c">[1957]</subfield>
  </datafield>
  <datafield tag="300" ind1=" " ind2=" ">
    <subfield code="a">92  p.</subfield>
  </datafield>
  <datafield tag="650" ind1=" " ind2="0">
    <subfield code="a">The Imperial Tobacco Company of Great Britain and Ireland.</subfield>
    <subfield code="@">0000159449</subfield>
  </datafield>
  <datafield tag="650" ind1=" " ind2="0">
    <subfield code="a">Tobacco</subfield>
    <subfield code="z">Rhodesia and Nyasaland.</subfield>
    <subfield code="@">0000159450</subfield>
  </datafield>
  <datafield tag="908" ind1=" " ind2=" ">
    <subfield code="a">080526</subfield>
  </datafield>
  <datafield tag="950" ind1=" " ind2=" ">
    <subfield code="@">1</subfield>
  </datafield>
  <datafield tag="999" ind1=" " ind2=" ">
    <subfield code="c">13119</subfield>
    <subfield code="d">13119</subfield>
  </datafield>
  <datafield tag="952" ind1=" " ind2=" ">
    <subfield code="0">0</subfield>
    <subfield code="1">0</subfield>
    <subfield code="2">lcc</subfield>
    <subfield code="7">0</subfield>
    <subfield code="a">KABU</subfield>
    <subfield code="b">KABU</subfield>
    <subfield code="d">2015-12-17</subfield>
    <subfield code="l">0</subfield>
    <subfield code="o">HD9141.9 .I9D38 c. 1</subfield>
    <subfield code="p">012640</subfield>
    <subfield code="r">2015-12-17 00:00:00</subfield>
    <subfield code="w">2015-12-17</subfield>
    <subfield code="y">AFRI</subfield>
  </datafield>
</record>
